Statistics for Does This Country Have More Real Madrid or Barcelona Fans on Facebook?

Click here to take the quiz!

General Stats

  • This quiz has been taken 97 times
  • The average score is 8 of 15

Answer Stats

QuestionAnswer% Correct
SpainReal Madrid
93%
ArgentinaBarcelona
90%
PortugalReal Madrid
88%
EgyptReal Madrid
57%
TurkeyReal Madrid
54%
South KoreaReal Madrid
54%
United StatesBarcelona
48%
SwedenBarcelona
48%
United KingdomBarcelona
43%
AustraliaBarcelona
41%
JapanBarcelona
35%
ItalyBarcelona
32%
RussiaBarcelona
30%
BrazilBarcelona
28%
FranceBarcelona
26%

Score Distribution

Percentile by Number Answered

Percent of People with Each Score

Your Score History

You have not taken this quiz